Комиссия СНК СССР под председательством т. Куйбышева В. В. о научно-экспериментальной лаборатории по уро-гравидино-терапии

Доступно только в Электронных читальных залах Найти на картеНа карте
RUSMARC
00005200nmc2a22003373x 450
001d14691d4-22d9-4d8f-9754-25416823b34b
00520241217110210.0
100##$a20241113l19331933k y0rusy50 ca
1010#$arus
102##$aRU
105##$aa z |||||
1222#$ad19330105
$ad19330216
2001#$aКомиссия СНК СССР под председательством т. Куйбышева В. В. о научно-экспериментальной лаборатории по уро-гравидино-терапии
$j05.01.1933 - 16.02.1933
215##$a27 листов
$cтабл.
$d36,5 х 25,5
251##$cДело
300##$aЗаголовок дела на папке: Комиссия СНК СССР под председательством т. В. В. Куйбышева о научно-экспериментальной лаборатории по уро-гравидино-терапии
300##$aНа папке дела: Не подлежит оглашению
300##$aЧасть текста машинописная и рукописная, часть - напечатана типографским способом
324##$aВ деле имеются копии отдельных документов
461#0$1001796d4672-8a00-4986-b488-6e42273792cc
$12001
$aЦЕНТРАЛЬНЫЙ ИСПОЛНИТЕЛЬНЫЙ КОМИТЕТ СССР (ЦИК СССР).
$1251
$cФонд
$1852
$gР
$j3316
462#0$1001de0f0a71-e4f9-4083-b729-09049543cc8d
$12001
$aДела Секретариата Президиума ЦИК Союза ССР. 1933 год
$vД. 537
$1251
$cОпись
$1852
$j26
5171#$aКомиссия СНК СССР под председательством т. В. В. Куйбышева о научно-экспериментальной лаборатории по уро-гравидино-терапии
600#1$aКуйбышев
$bВ. В.
60101$3RU\NLR\AUTH\8810020782
$aСССР
$bСовет Народных Комиссаров
605##$3DITM\AF\0000002775
$aВласть
$lколлекция
$2acquisition_prlib
6101#$aНаучно-экспериментальная лаборатория
$aКомиссия
$aУро-гравидино-терапия
686##$a63.3(2)61-332ю1
$cИстория
$2rubbk
686##$a67.400.6ю1
$cПраво
$2rubbk
801#0$aRU
$bGA_RF
801#1$aRU
$bГлавНИВЦ
$c20241113
$2rusmarc
801#2$aRU
$bПБ им. Б.Н. Ельцина
$c20241217
$gRCR
$2rusmarc
852##$aГА РФ
$j537
937##$d195432331
$hГАРФ
035##$aRuPRLIB51078012
856##$uhttp://readingroom.main.prlib.ru/item.aspx?id_node=n195432331&mode=full
Формат отображения